Four Russian Serf Narratives /
| Clasificación: | Libro Electrónico |
|---|---|
| Otros Autores: | |
| Formato: | Electrónico eBook |
| Idioma: | Inglés Ruso |
| Publicado: |
Madison, Wis. :
University of Wisconsin Press,
2009.
|
| Colección: | Wisconsin studies in autobiography
Book collections on Project MUSE. |
| Temas: | |
| Acceso en línea: | Texto completo |
MARC
| LEADER | 00000cam a22000004a 4500 | ||
|---|---|---|---|
| 001 | musev2_8618 | ||
| 003 | MdBmJHUP | ||
| 005 | 20230905040955.0 | ||
| 006 | m o d | ||
| 007 | cr||||||||nn|n | ||
| 008 | 090305s2009 wiu o 00 0 eng d | ||
| 010 | |z 2009008140 | ||
| 020 | |a 9780299233730 | ||
| 020 | |z 9780299233747 | ||
| 035 | |a (OCoLC)550642720 | ||
| 040 | |a MdBmJHUP |c MdBmJHUP | ||
| 041 | 1 | |a eng |h rus | |
| 043 | |a e-ur--- | ||
| 050 | 0 | 4 | |a HT807 |b .F68 2009 |
| 082 | 0 | |a 306.3/65092247 |a B |2 22 | |
| 245 | 0 | 0 | |a Four Russian Serf Narratives / |c translated, edited, and with an introduction by John MacKay. |
| 264 | 1 | |a Madison, Wis. : |b University of Wisconsin Press, |c 2009. | |
| 264 | 3 | |a Baltimore, Md. : |b Project MUSE, |c 2012 | |
| 264 | 4 | |c ©2009. | |
| 300 | |a 1 online resource (234 pages): |b ill., maps ; | ||
| 336 | |a text |b txt |2 rdacontent | ||
| 337 | |a computer |b c |2 rdamedia | ||
| 338 | |a online resource |b cr |2 rdacarrier | ||
| 490 | 0 | |a Wisconsin studies in autobiography | |
| 504 | |a Includes bibliographical references and index. | ||
| 588 | |a Description based on print version record. | ||
| 650 | 0 | |a Serfdom |z Russia |x History |y 19th century |v Sources. | |
| 650 | 0 | |a Serfs |z Russia |v Biography. | |
| 655 | 7 | |a Electronic books. |2 local | |
| 700 | 1 | |a MacKay, John Kenneth. | |
| 710 | 2 | |a Project Muse. |e distributor | |
| 830 | 0 | |a Wisconsin studies in autobiography | |
| 830 | 0 | |a Book collections on Project MUSE. | |
| 856 | 4 | 0 | |z Texto completo |u https://projectmuse.uam.elogim.com/book/8618/ |
| 945 | |a Project MUSE - Custom Collection | ||
| 945 | |a Project MUSE - Archive Complete Foundation | ||
| 945 | |a Project MUSE - Archive History Foundation | ||
| 945 | |a Project MUSE - Archive Russian and East European Studies Foundation | ||


